[Event "AUS-ch Major"]
[Site "Cammeray"]
[Date "2018.01.12"]
[Round "11"]
[White "Qiang, Vincent"]
[Black "Archer, Saffron"]
[Result "1/2-1/2"]
[WhiteElo "1579"]
[BlackElo "1494"]
[PlyCount "85"]
[EventDate "2018.01.02"]
[EventType "swiss"]
[EventRounds "11"]
[EventCountry "AUS"]
[SourceTitle "CBM 182 Extra"]
[Source "ChessBase"]
[SourceDate "2018.02.23"]
[SourceVersion "1"]
[SourceVersionDate "2018.02.23"]
[SourceQuality "1"]

1. e4 e6 2. d4 d5 3. exd5 exd5 4. Bd3 Nc6 5. c3 Bd6 6. h3 Nge7 7. Ne2 Bf5 8. Bf4 Bg6 9. 0-0 0-0 10. Qc2 Qd7 11. Nd2 Rfe8 12. Bxd6 Qxd6 13. Nf3 Rad8 14. Rae1 Bxd3 15. Qxd3 Ng6 16. Qd2 Na5 17. b3 Nc6 18. Nc1 Nb8 19. Nd3 Nd7 20. Rxe8+ Rxe8 21. Re1 Re4 22. Ng5 Rxe1+ 23. Qxe1 Qe7 24. Qxe7 Nxe7 25. Nf3 Ng6 26. Nd2 Kf8 27. g3 Ke7 28. f3 Nf6 29. Nc5 b6 30. Na6 Kd6 31. Nb4 Ne7 32. Nd3 Nd7 33. g4 f6 34. Nf1 c5 35. Ne3 cxd4 36. cxd4 g6 37. Kf2 Nc6 38. Nc2 Nf8 39. Ke3 Ne6 40. h4 Ke7 41. f4 Kd6 42. Nc1 Nc7 43. Kd3 1/2-1/2

[Event "AUS-ch Major"]
[Site "Cammeray"]
[Date "2018.01.09"]
[Round "8"]
[White "Canfell, Mike J"]
[Black "Qiang, Vincent"]
[Result "1-0"]
[WhiteElo "1844"]
[BlackElo "1579"]
[PlyCount "135"]
[EventDate "2018.01.02"]
[EventType "swiss"]
[EventRounds "11"]
[EventCountry "AUS"]
[SourceTitle "CBM 182 Extra"]
[Source "ChessBase"]
[SourceDate "2018.02.23"]
[SourceVersion "1"]
[SourceVersionDate "2018.02.23"]
[SourceQuality "1"]

1. e4 e6 2. d3 d5 3. Nd2 Nf6 4. Ngf3 c5 5. g3 Nc6 6. Bg2 Bd6 7. 0-0 0-0 8. Re1 Bc7 9. Nf1 h6 10. Qe2 Re8 11. c3 Ba5 12. e5 Nd7 13. Bd2 f6 14. exf6 Nxf6 15. c4 d4 16. Bxa5 Qxa5 17. a3 e5 18. N1d2 Bf5 19. Nh4 Bg4 20. f3 Be6 21. Ne4 Nxe4 22. Qxe4 Rac8 23. Nf5 Bxf5 24. Qxf5 Rf8 25. Qe4 Qb6 26. Rab1 a5 27. Qe2 Qc7 28. Qd2 Ne7 29. Bh3 Ra8 30. Kg2 a4 31. Qe2 Qc6 32. Qe4 Rf6 33. Bg4 Qxe4 34. Rxe4 Nc6 35. Rf1 Ra6 36. Rf2 Rd6 37. h4 Ra8 38. Rfe2 g5 39. hxg5 hxg5 40. Re1 Kg7 41. Rh1 Rh8 42. Rxh8 Kxh8 43. Re1 Kg7 44. Bf5 Rd8 45. Rh1 Rh8 46. Rxh8 Kxh8 47. Bc8 Nd8 48. f4 exf4 49. gxf4 gxf4 50. Kf3 Kg7 51. Kxf4 Kf6 52. Ke4 Ke7 53. Kd5 b6 54. Bg4 Kf6 55. Bd7 Kg5 56. Bxa4 Kf4 57. Be8 Ke3 58. Bg6 Kd2 59. b4 cxb4 60. axb4 Kc3 61. b5 Kb4 62. Kxd4 Ne6+ 63. Ke5 Nc5 64. Kd5 Kc3 65. d4 Nb3 66. c5 Nxd4 67. cxb6 Nxb5 68. Be8 1-0

[Event "AUS-ch Major"]
[Site "Cammeray"]
[Date "2018.01.06"]
[Round "6"]
[White "Qiang, Vincent"]
[Black "Spuler, David"]
[Result "0-1"]
[WhiteElo "1579"]
[BlackElo "1917"]
[PlyCount "84"]
[EventDate "2018.01.02"]
[EventType "swiss"]
[EventRounds "11"]
[EventCountry "AUS"]
[SourceTitle "CBM 182 Extra"]
[Source "ChessBase"]
[SourceDate "2018.02.23"]
[SourceVersion "1"]
[SourceVersionDate "2018.02.23"]
[SourceQuality "1"]

1. e4 c6 2. d4 d5 3. exd5 cxd5 4. Nf3 Nf6 5. c3 Nc6 6. Bb5 Qb6 7. Bxc6+ bxc6 8. 0-0 Bg4 9. h3 Bh5 10. Nbd2 e6 11. g4 Bg6 12. Ne5 Bd6 13. Ndf3 Ne4 14. Qa4 Rc8 15. Bf4 f6 16. Nd3 Be7 17. Qb3 Ng5 18. Bxg5 Bxd3 19. Rfe1 Be4 20. Nd2 fxg5 21. Nxe4 Qxb3 22. axb3 dxe4 23. Rxa7 Kf7 24. Rxe4 Ra8 25. Rd7 Rhd8 26. Rc7 Rdc8 27. Rd7 Rd8 28. Rc7 Rac8 29. Ra7 Rd6 30. f4 gxf4 31. Rxf4+ Ke8 32. b4 Rd7 33. Ra6 Bd6 34. Rf1 Ke7 35. Re1 Rb7 36. Ra5 Kd7 37. Rf1 Rf8 38. Rh5 Rxf1+ 39. Kxf1 h6 40. g5 Rb5 41. h4 Bf8 42. c4 Rf5+ 0-1

[Event "AUS-ch Major"]
[Site "Cammeray"]
[Date "2018.01.05"]
[Round "5"]
[White "Qiang, Vincent"]
[Black "Phan, Nguyen Mai Chi"]
[Result "0-1"]
[WhiteElo "1579"]
[BlackElo "2122"]
[PlyCount "136"]
[EventDate "2018.01.02"]
[EventType "swiss"]
[EventRounds "11"]
[EventCountry "AUS"]
[SourceTitle "CBM 182 Extra"]
[Source "ChessBase"]
[SourceDate "2018.02.23"]
[SourceVersion "1"]
[SourceVersionDate "2018.02.23"]
[SourceQuality "1"]

1. e4 c5 2. c3 d5 3. exd5 Qxd5 4. d4 Nf6 5. Nf3 Nc6 6. Na3 Bg4 7. Be2 e6 8. 0-0 Be7 9. h3 Bh5 10. Be3 cxd4 11. Nb5 Rc8 12. Nbxd4 Nxd4 13. Nxd4 Bxe2 14. Qxe2 0-0 15. Rfd1 a6 16. Qc2 Rfd8 17. a4 Qa5 18. Qb3 Qc7 19. Bg5 Nd5 20. Bxe7 Qxe7 21. Qc2 Rc4 22. Qe2 Rdc8 23. Qe5 Qc7 24. Qxc7 R8xc7 25. Rd2 g6 26. g3 Nb6 27. a5 Nd5 28. Ne2 Re4 29. Kf1 h5 30. h4 Kg7 31. b3 Re5 32. c4 Nf6 33. Rd4 Ng4 34. Nc3 Rf5 35. Ra2 Rf3 36. Ne4 Rxb3 37. Nd6 Kf8 38. Ne4 Rb4 39. Nd2 Ke7 40. f4 Ne3+ 41. Ke2 Nf5 42. Rd3 Rc6 43. Raa3 Nd6 44. Rdc3 Nxc4 45. Nxc4 Rcxc4 46. Rxc4 Rxc4 47. Rb3 Ra4 48. Rxb7+ Kf6 49. Ra7 Rxa5 50. Kf3 Ra3+ 51. Kf2 a5 52. Kg2 a4 53. Kf2 Ra1 54. Ra5 a3 55. Kf3 a2 56. Kg2 Ke7 57. Ra6 f6 58. Kh2 e5 59. Kg2 e4 60. Ra4 f5 61. Ra5 Kf6 62. Ra6+ Kg7 63. Ra7+ Kh6 64. g4 hxg4 65. Ra3 e3 66. h5 e2 67. Rxa2 e1Q 68. Rc2 Qg1# 0-1

[Event "AUS-ch Major"]
[Site "Cammeray"]
[Date "2018.01.04"]
[Round "4"]
[White "Su, Orlando"]
[Black "Qiang, Vincent"]
[Result "0-1"]
[WhiteElo "1119"]
[BlackElo "1579"]
[PlyCount "96"]
[EventDate "2018.01.02"]
[EventType "swiss"]
[EventRounds "11"]
[EventCountry "AUS"]
[SourceTitle "CBM 182 Extra"]
[Source "ChessBase"]
[SourceDate "2018.02.23"]
[SourceVersion "1"]
[SourceVersionDate "2018.02.23"]
[SourceQuality "1"]

1. d4 e6 2. Bf4 f5 3. e3 Nf6 4. Bd3 Be7 5. Nf3 0-0 6. 0-0 d6 7. c4 b6 8. Nc3 Bb7 9. Qc2 Qe8 10. Bg3 Bxf3 11. gxf3 Nc6 12. f4 Nb4 13. Qe2 Nxd3 14. Qxd3 g6 15. Rfe1 d5 16. cxd5 exd5 17. Nb5 Qd7 18. Rac1 c6 19. Nc3 Rab8 20. f3 Rfd8 21. Qc2 Rbc8 22. Kh1 Bb4 23. Qg2 Bxc3 24. Rxc3 Re8 25. Bh4 Nh5 26. Qc2 Rf8 27. Qa4 Rc7 28. Rec1 Rfc8 29. Kg2 Qe6 30. Qb4 Ng7 31. Kf2 Ne8 32. a4 Kf7 33. Qa3 Nd6 34. b3 a5 35. R1c2 b5 36. Qc1 bxa4 37. bxa4 Nc4 38. Re2 Qd7 39. e4 fxe4 40. fxe4 Nd6 41. exd5 Nf5 42. Bg3 Qxd5 43. Rd2 Nd6 44. f5 Ne4+ 45. Kg1 Nxd2 46. fxg6+ hxg6 47. Bxc7 Qxd4+ 48. Kg2 Rxc7 0-1